Physics of the boundary layer of the atmosphere. (Record no. 32081)
[ view plain ]
| 000 -LEADER | |
|---|---|
| fixed length control field | 00809nam a22002051 4500 |
| 001 - CONTROL NUMBER | |
| control field | he 67000082 |
| 003 - CONTROL NUMBER IDENTIFIER | |
| control field | DLC |
| 005 - DATE AND TIME OF LATEST TRANSACTION | |
| control field | 20260227111443.0 |
| 008 - FIXED-LENGTH DATA ELEMENTS--GENERAL INFORMATION | |
| fixed length control field | 850221s1964 is a b f00010 eng |
| 010 ## - LIBRARY OF CONGRESS CONTROL NUMBER | |
| LC control number | he 67000082 //r852 |
| 040 ## - CATALOGING SOURCE | |
| Original cataloging agency | DLC/ICU |
| Transcribing agency | ICU |
| 041 1# - LANGUAGE CODE | |
| Language code of text/sound track or separate title | engrus |
| 050 0# - LIBRARY OF CONGRESS CALL NUMBER | |
| Classification number | QC880 |
| Item number | .L293 |
| 100 10 - MAIN ENTRY--PERSONAL NAME | |
| Personal name | Laĭkhtman, David Lʹvovich. |
| 245 10 - TITLE STATEMENT | |
| Title | Physics of the boundary layer of the atmosphere. |
| Remainder of title | Fizika pogranichnogo sloya atmosfery |
| Statement of responsibility, etc. | [by] D.L. Laikhtman. Translated from Russian [by I. Shechtman]. |
| 260 0# - PUBLICATION, DISTRIBUTION, ETC. | |
| Place of publication, distribution, etc. | Jerusalem, |
| Name of publisher, distributor, etc. | Israel Program for Scientific Translations; [available from the Office of Technical Services, U.S. Dept. of Commerce, Washington] |
| Date of publication, distribution, etc. | 1964. |
| 300 ## - PHYSICAL DESCRIPTION | |
| Extent | 200 p. |
| Other physical details | illus. |
| Dimensions | 24 cm. |
| 504 ## - BIBLIOGRAPHY, ETC. NOTE | |
| Bibliography, etc. note | Includes bibliographical references. |
| 650 #0 - SUBJECT ADDED ENTRY--TOPICAL TERM | |
| Topical term or geographic name entry element | Boundary layer (Meteorology) |
No items available.